00488nam a2200193 a 4500001001300000003000900013005001700022008004100039020000800080082001600088100002000104245002100124260004300145300000800188500003500196505001300231650003000244700002000274nice12345678IN_TiNIC20260116011928.0050524s1960 hyda grp 000 0 urd  ac000a891.41bSID aSiddiqi, Shahid aChiragh-E-Manzil aHyderabadbAnjuman Taraqqi Islamc1960 a96p aincludes index and biblioraphy2 aappendix aUrdu-Poetry-ameer Khusrau1 aSiddiqi, Shahid